[Event "4NCL/2001-02/D3/WS-GUI2"]
[Site "Rd10-Birmingham"]
[Date "2002.05.05"]
[Round "10.8"]
[White "Yurenok, Maria S"]
[Black "Wilcox, Charlotte"]
[Result "1-0"]
[WhiteElo "2098"]
[BlackElo "1392"]
[PlyCount "75"]
[EventDate "2002.05.05"]
[EventType "team-match"]
[EventCountry "ENG"]
[SourceTitle "BritBase"]
[Source "John Saunders"]
[SourceDate "2024.10.24"]
[SourceVersion "1"]
[SourceVersionDate "2024.10.24"]
[SourceQuality "1"]
[WhiteTeam "Guildford-ADC 2"]
[BlackTeam "Warwickshire Select"]
[WhiteTeamCountry "ENG"]
[BlackTeamCountry "ENG"]

1. d4 d5 2. c4 e6 3. Nc3 c5 4. cxd5 cxd4 5. Qa4+ Bd7 6. Qxd4 exd5 7. Qxd5 Nc6 8. Bd2 Nf6 9. Qb3 Na5 10. Qc2 Rc8 11. e3 Be7 12. Bd3 O-O 13. Nge2 Nc6 14. Rd1 Be6 15. a3 Qb6 16. O-O Bb3 17. Qb1 Bxd1 18. Rxd1 Ne5 19. Bf5 Rcd8 20. Ne4 g6 21. Nxf6+ Bxf6 22. Be4 Nc4 23. Bc3 Rxd1+ 24. Qxd1 Bxc3 25. bxc3 Nxa3 26. g3 Nb5 27. Qb3 Rc8 28. Bd5 Rc7 29. c4 Nd6 30. Qd3 Qc5 31. Nc3 Nxc4 32. Ne4 Qb4 33. Nf6+ Kh8 34. Qd4 Qb2 35. Qf4 Qc1+ 36. Kg2 Nb6 37. Qd6 Nxd5 38. Qf8# 1-0

[Event "4NCL/2001-02/D3/BRI2-SCS"]
[Site "Rd11-Birmingham"]
[Date "2002.05.06"]
[Round "11.1"]
[White "Rudd, Jack"]
[Black "Lutton, J Ezra"]
[Result "0-1"]
[WhiteElo "2135"]
[BlackElo "2090"]
[PlyCount "118"]
[EventDate "2002.05.06"]
[EventCountry "ENG"]
[SourceTitle "BritBase"]
[Source "John Saunders"]
[SourceDate "2024.10.24"]
[SourceVersion "1"]
[SourceVersionDate "2024.10.24"]
[SourceQuality "1"]
[WhiteTeam "Bristol 2"]
[BlackTeam "Southern Counties Stars"]
[WhiteTeamCountry "ENG"]
[BlackTeamCountry "ENG"]

1. e4 e6 2. d4 d5 3. Nc3 Bb4 4. e5 c5 5. a3 Bxc3+ 6. bxc3 Qa5 7. Bd2 Qa4 8. Qg4 Kf8 9. Ra2 Nc6 10. Nf3 Nge7 11. Bd3 c4 12. Be2 Ng6 13. h4 Qb5 14. O-O h5 15. Qg3 Qa5 16. Rb1 Qc7 17. a4 Nce7 18. Qg5 Nf5 19. Bc1 Ke8 20. Ba3 Qd8 21. Rab2 Nfxh4 22. Qxd8+ Kxd8 23. Ng5 Ke8 24. Rxb7 Bxb7 25. Rxb7 Nf5 26. Nxf7 Nf4 27. Bf3 Rh7 28. g3 Nh3+ 29. Kg2 h4 30. g4 Nf4+ 31. Kh2 g5 32. Nd6+ Nxd6 33. Rxh7 Nf7 34. Rg7 Rc8 35. a5 a6 36. Bb4 Rd8 37. Kg1 Rc8 38. Kf1 Rd8 39. Ke1 Rc8 40. Kd2 Rd8 41. Ke3 Rc8 42. Bh1 Rd8 43. Bc5 Rc8 44. Rg8+ Kd7 45. Rxc8 Kxc8 46. Be7 Ng6 47. Bf6 Kd7 48. f4 Nxf4 49. Bxg5 Nxg5 50. Kxf4 Nh3+ 51. Ke3 Ng5 52. Bg2 h3 53. Bf1 Ke7 54. Kf2 Ne4+ 55. Ke3 h2 56. Bg2 Kf7 57. Kf4 Kg6 58. Bh1 Nxc3 59. Bf3 Ne2+ 0-1

[Event "4NCL/2001-02/D3/BRI2-SCS"]
[Site "Rd11-Birmingham"]
[Date "2002.05.06"]
[Round "11.2"]
[White "Rattray, Ross"]
[Black "Dilleigh, Stephen P"]
[Result "1/2-1/2"]
[WhiteElo "2050"]
[BlackElo "2173"]
[PlyCount "51"]
[EventDate "2002.05.06"]
[EventCountry "ENG"]
[SourceTitle "BritBase"]
[Source "John Saunders"]
[SourceDate "2024.10.24"]
[SourceVersion "1"]
[SourceVersionDate "2024.10.24"]
[SourceQuality "1"]
[WhiteTeam "Southern Counties Stars"]
[BlackTeam "Bristol 2"]
[WhiteTeamCountry "ENG"]
[BlackTeamCountry "ENG"]

1. e4 g6 2. f4 Bg7 3. Nf3 c5 4. g3 d5 5. e5 Nc6 6. Bg2 h5 7. d4 cxd4 8. Nxd4 e6 9. Nb5 Bf8 10. c3 a6 11. Nd4 Nxd4 12. Qxd4 Ne7 13. Qf2 Nf5 14. Be3 Nxe3 15. Qxe3 Qc7 16. Nd2 Bc5 17. Qd3 Bd7 18. Nb3 Bb5 19. Qd2 a5 20. Nd4 Bxd4 21. Qxd4 Rc8 22. Bf1 Bxf1 23. Rxf1 Qc5 24. Qxc5 Rxc5 25. O-O-O Ke7 26. Rd4 1/2-1/2

[Event "4NCL/2001-02/D3/BRI2-SCS"]
[Site "Rd11-Birmingham"]
[Date "2002.05.06"]
[Round "11.3"]
[White "Easton, Alex"]
[Black "Habibi, Amir"]
[Result "1-0"]
[WhiteElo "2139"]
[BlackElo "2042"]
[PlyCount "49"]
[EventDate "2002.05.06"]
[EventCountry "ENG"]
[SourceTitle "BritBase"]
[Source "John Saunders"]
[SourceDate "2024.10.24"]
[SourceVersion "1"]
[SourceVersionDate "2024.10.24"]
[SourceQuality "1"]
[WhiteTeam "Bristol 2"]
[BlackTeam "Southern Counties Stars"]
[WhiteTeamCountry "ENG"]
[BlackTeamCountry "ENG"]

1. Nf3 Nf6 2. c4 e6 3. Nc3 b6 4. e4 d6 5. d4 Bb7 6. Bd3 Nbd7 7. O-O h6 8. Rb1 e5 9. d5 g5 10. b4 g4 11. Ne1 h5 12. Nc2 Bh6 13. Bxh6 Rxh6 14. Ne3 Nf8 15. Nf5 Rh7 16. c5 a6 17. Qa4+ b5 18. Bxb5+ axb5 19. Qxb5+ N8d7 20. Qxb7 dxc5 21. bxc5 Nxc5 22. Qc6+ Nfd7 23. Nb5 Rc8 24. d6 cxd6 25. Nbxd6+ 1-0

[Event "4NCL/2001-02/D3/BRI2-SCS"]
[Site "Rd11-Birmingham"]
[Date "2002.05.06"]
[Round "11.4"]
[White "Partington, Anna"]
[Black "Frost, Nicholas A"]
[Result "0-1"]
[WhiteElo "2047"]
[BlackElo "2113"]
[PlyCount "78"]
[EventDate "2002.05.06"]
[EventCountry "ENG"]
[SourceTitle "BritBase"]
[Source "John Saunders"]
[SourceDate "2024.10.24"]
[SourceVersion "1"]
[SourceVersionDate "2024.10.24"]
[SourceQuality "1"]
[WhiteTeam "Southern Counties Stars"]
[BlackTeam "Bristol 2"]
[WhiteTeamCountry "ENG"]
[BlackTeamCountry "ENG"]

1. d4 e6 2. Nf3 f5 3. d5 d6 4. dxe6 Bxe6 5. Nd4 Qd7 6. Nc3 c6 7. Bf4 Nf6 8. Qd3 Na6 9. Qe3 Nc7 10. g3 Ng4 11. Qd3 Ne5 12. Bxe5 dxe5 13. Nxe6 Qxe6 14. O-O-O Be7 15. e4 Qh6+ 16. Kb1 Rd8 17. Qe2 f4 18. Rxd8+ Bxd8 19. Qc4 Qe6 20. gxf4 exf4 21. Rg1 Bf6 22. Qxe6+ Nxe6 23. Bc4 Nc5 24. Ne2 Nxe4 25. Be6 g5 26. Bf5 Nd2+ 27. Kc1 Nf3 28. Rh1 Kf7 29. Be4 Ne5 30. c3 Ng4 31. f3 Nf2 32. Rf1 Nxe4 33. fxe4 Re8 34. Nxf4 gxf4 35. Rxf4 Kg6 36. Kc2 Bg5 37. Rg4 h5 38. Rg2 Rxe4 39. Kd3 Rg4 0-1

[Event "4NCL/2001-02/D3/BRI2-SCS"]
[Site "Rd11-Birmingham"]
[Date "2002.05.06"]
[Round "11.5"]
[White "Curtis, John"]
[Black "Lutton, E Josiah"]
[Result "1-0"]
[WhiteElo "2118"]
[BlackElo "2086"]
[PlyCount "37"]
[EventDate "2002.05.06"]
[EventCountry "ENG"]
[SourceTitle "BritBase"]
[Source "John Saunders"]
[SourceDate "2024.10.24"]
[SourceVersion "1"]
[SourceVersionDate "2024.10.24"]
[SourceQuality "1"]
[WhiteTeam "Bristol 2"]
[BlackTeam "Southern Counties Stars"]
[WhiteTeamCountry "ENG"]
[BlackTeamCountry "ENG"]

1. d4 b5 2. e4 a6 3. Nf3 Bb7 4. Bd3 e6 5. O-O c5 6. c3 d6 7. Re1 Nd7 8. a4 bxa4 9. Qxa4 cxd4 10. cxd4 d5 11. Nc3 Ne7 12. Ne5 f6 13. exd5 exd5 14. Ng6 Kf7 15. Nxh8+ Kg8 16. Qc2 Kxh8 17. Bxh7 Nc6 18. Qd3 Qb6 19. Qh3 1-0

[Event "4NCL/2001-02/D3/BRI2-SCS"]
[Site "Rd11-Birmingham"]
[Date "2002.05.06"]
[Round "11.6"]
[White "Lutton, J Arnold"]
[Black "Humphreys, Jerry G"]
[Result "0-1"]
[WhiteElo "1672"]
[BlackElo "2087"]
[PlyCount "59"]
[EventDate "2002.05.06"]
[EventCountry "ENG"]
[SourceTitle "BritBase"]
[Source "John Saunders"]
[SourceDate "2024.10.24"]
[SourceVersion "1"]
[SourceVersionDate "2024.10.24"]
[SourceQuality "1"]
[WhiteTeam "Southern Counties Stars"]
[BlackTeam "Bristol 2"]
[WhiteTeamCountry "ENG"]
[BlackTeamCountry "ENG"]

1. e4 c5 2. Nc3 Nc6 3. f4 e6 4. Nf3 d6 5. Bb5 Bd7 6. O-O g6 7. d3 Bg7 8. Ne2 Nge7 9. c3 Qb6 10. Ba4 O-O 11. Kh1 Rac8 12. Qe1 Rfd8 13. Qh4 Be8 14. f5 exf5 15. Bh6 f6 16. Nf4 Bf7 17. Ng5 fxg5 18. Qxg5 Bxh6 19. Qxh6 Kh8 20. Rf3 Ng8 21. Qg5 Qxb2 22. Raf1 Qxc3 23. Bb3 Qg7 24. exf5 gxf5 25. Qxf5 Bxb3 26. axb3 Nd4 27. Qe4 Re8 28. Qd5 Nxf3 29. Qxf3 Rf8 30. g3 {time} 0-1

[Event "4NCL/2001-02/D3/BRI2-SCS"]
[Site "Rd11-Birmingham"]
[Date "2002.05.06"]
[Round "11.7"]
[White "Egginton, David C"]
[Black "Miller, Naomi"]
[Result "1-0"]
[WhiteElo "1856"]
[BlackElo "1368"]
[PlyCount "79"]
[EventDate "2002.05.06"]
[EventCountry "ENG"]
[SourceTitle "BritBase"]
[Source "John Saunders"]
[SourceDate "2024.10.24"]
[SourceVersion "1"]
[SourceVersionDate "2024.10.24"]
[SourceQuality "1"]
[WhiteTeam "Bristol 2"]
[BlackTeam "Southern Counties Stars"]
[WhiteTeamCountry "ENG"]
[BlackTeamCountry "ENG"]

1. c4 Nf6 2. g3 g6 3. Bg2 Bg7 4. Nc3 d6 5. e4 c5 6. Nge2 Nc6 7. O-O O-O 8. d3 Ne8 9. Be3 f5 10. f4 a6 11. Qd2 Nf6 12. h3 fxe4 13. dxe4 Bd7 14. Rad1 Rb8 15. Kh2 b5 16. cxb5 axb5 17. e5 Ne8 18. Bxc5 Bxh3 19. Qd5+ Kh8 20. Bxh3 b4 21. Ne4 Qc7 22. exd6 exd6 23. Bxd6 Nxd6 24. Qxd6 Qb6 25. Qc5 Qa6 26. Rd2 Rfe8 27. Bg2 Rb5 28. Qf2 Rh5+ 29. Kg1 Bf8 30. Rc1 Na5 31. Bf3 Rf5 32. Kg2 Nc4 33. Qd4+ Ne5 34. fxe5 Bh6 35. e6+ Kg8 36. Nf6+ Rxf6 37. Qxf6 Rf8 38. Qd4 Bxd2 39. Qxd2 Qxe6 40. Bd5 1-0

[Event "4NCL/2001-02/D3/GUI2-AFC"]
[Site "Rd11-Birmingham"]
[Date "2002.05.06"]
[Round "11.1"]
[White "Kinsman, Andrew PH"]
[Black "Toothill, John"]
[Result "1-0"]
[WhiteElo "2401"]
[BlackElo "2193"]
[PlyCount "55"]
[EventDate "2002.05.06"]
[EventCountry "ENG"]
[SourceTitle "BritBase"]
[Source "John Saunders"]
[SourceDate "2024.10.24"]
[SourceVersion "1"]
[SourceVersionDate "2024.10.24"]
[SourceQuality "1"]
[WhiteTeam "Guildford-ADC 2"]
[BlackTeam "All Four Corners"]
[WhiteTeamCountry "ENG"]
[BlackTeamCountry "ENG"]

1. d4 d5 2. Nf3 Nf6 3. c4 c6 4. Nc3 Bf5 5. cxd5 cxd5 6. Qb3 Qb6 7. Nxd5 Nxd5 8. Qxd5 e6 9. Qb3 Bb4+ 10. Bd2 Nc6 11. e3 O-O 12. a3 Bxd2+ 13. Nxd2 e5 14. d5 Qxb3 15. Nxb3 Ne7 16. Bc4 Rfd8 17. Nd2 Rac8 18. Bb3 e4 19. f3 exf3 20. gxf3 Bd3 21. e4 Ng6 22. Kf2 f5 23. Ke3 fxe4 24. fxe4 Ba6 25. Nf3 Rf8 26. Rac1 Rce8 27. Rc7 Kh8 28. d6 1-0

[Event "4NCL/2001-02/D3/GUI2-AFC"]
[Site "Rd11-Birmingham"]
[Date "2002.05.06"]
[Round "11.2"]
[White "Khoo, Teresa"]
[Black "Povah, Nigel Edward"]
[Result "0-1"]
[WhiteElo "2136"]
[BlackElo "2351"]
[PlyCount "78"]
[EventDate "2002.05.06"]
[EventCountry "ENG"]
[SourceTitle "BritBase"]
[Source "John Saunders"]
[SourceDate "2024.10.24"]
[SourceVersion "1"]
[SourceVersionDate "2024.10.24"]
[SourceQuality "1"]
[WhiteTeam "All Four Corners"]
[BlackTeam "Guildford-ADC 2"]
[WhiteTeamCountry "ENG"]
[BlackTeamCountry "ENG"]

1. e4 d5 2. exd5 Nf6 3. Nf3 Qxd5 4. Nc3 Qa5 5. Be2 g6 6. O-O Bg7 7. d4 O-O 8. h3 c6 9. Bg5 h6 10. Bh4 Bf5 11. Qd2 Nbd7 12. Rfe1 Rad8 13. Rad1 Rfe8 14. Bf1 Qb6 15. Qc1 Be6 16. Bd3 c5 17. Bb5 a6 18. Ba4 cxd4 19. Nxd4 Bc4 20. Nf3 Qc7 21. Bg3 Qc8 22. Ne5 b5 23. Nxc4 Qxc4 24. Bb3 Qc8 25. Nd5 Nxd5 26. Bxd5 e6 27. Bf3 Nb6 28. c3 Qc4 29. Bf4 Kh7 30. Rxd8 Rxd8 31. Re4 Qc8 32. Qe1 Nc4 33. Bc1 Rd7 34. b3 Nd6 35. Rh4 Nf5 36. Re4 Qxc3 37. Kh2 Qc2 38. Re2 Qc7+ 39. Kg1 Nd4 {time} 0-1

[Event "4NCL/2001-02/D3/GUI2-AFC"]
[Site "Rd11-Birmingham"]
[Date "2002.05.06"]
[Round "11.3"]
[White "Jackson, Adrian"]
[Black "Hardman, Michael J"]
[Result "1/2-1/2"]
[WhiteElo "2256"]
[BlackElo "1960"]
[PlyCount "54"]
[EventDate "2002.05.06"]
[EventCountry "ENG"]
[SourceTitle "BritBase"]
[Source "John Saunders"]
[SourceDate "2024.10.24"]
[SourceVersion "1"]
[SourceVersionDate "2024.10.24"]
[SourceQuality "1"]
[WhiteTeam "Guildford-ADC 2"]
[BlackTeam "All Four Corners"]
[WhiteTeamCountry "ENG"]
[BlackTeamCountry "ENG"]

1. e4 e5 2. Nf3 d6 3. d4 f5 4. exf5 e4 5. Ng5 Bxf5 6. Qe2 d5 7. Qb5+ Nc6 8. Be3 Rb8 9. Nc3 Nf6 10. h4 Be7 11. g3 O-O 12. Bh3 Bxh3 13. Nxh3 Nb4 14. O-O-O c6 15. Qe2 b5 16. Nf4 Qc8 17. h5 a5 18. Rhg1 Qg4 19. Kb1 a4 20. Rh1 Qxe2 21. Ncxe2 Kf7 22. a3 Na6 23. c3 Nc7 24. Kc2 Nce8 25. Ng2 Nd6 26. Nef4 Ng4 27. Rdf1 Nc4 1/2-1/2

[Event "4NCL/2001-02/D3/GUI2-AFC"]
[Site "Rd11-Birmingham"]
[Date "2002.05.06"]
[Round "11.4"]
[White "Hurney, Kevin"]
[Black "Granat, Russell G"]
[Result "1/2-1/2"]
[WhiteElo "1864"]
[BlackElo "2243"]
[PlyCount "120"]
[EventDate "2002.05.06"]
[EventCountry "ENG"]
[SourceTitle "BritBase"]
[Source "John Saunders"]
[SourceDate "2024.10.24"]
[SourceVersion "1"]
[SourceVersionDate "2024.10.24"]
[SourceQuality "1"]
[WhiteTeam "All Four Corners"]
[BlackTeam "Guildford-ADC 2"]
[WhiteTeamCountry "ENG"]
[BlackTeamCountry "ENG"]

1. e4 Nc6 2. Nf3 e5 3. Bb5 a6 4. Ba4 d6 5. d4 exd4 6. Nxd4 Bd7 7. Nxc6 bxc6 8. O-O Be7 9. Nc3 Nf6 10. Be3 O-O 11. f3 Rb8 12. Rb1 c5 13. Bxd7 Nxd7 14. Qe2 Bf6 15. Nd1 Re8 16. Qxa6 Ra8 17. Qc4 Nb6 18. Qb3 c4 19. Qb5 c5 20. Nc3 Qc7 21. a4 Reb8 22. a5 Bxc3 23. axb6 Rxb6 24. Qxc4 Bxb2 25. Rbd1 Be5 26. Qd5 Re8 27. f4 Bf6 28. Rfe1 Bc3 29. Re2 Qc8 30. Qd3 Bf6 31. h3 h6 32. Bf2 Qb7 33. Rde1 Qc6 34. Rd2 Ra6 35. Rde2 c4 36. Qd5 Qxd5 37. exd5 Rxe2 38. Rxe2 Ra5 39. Re8+ Kh7 40. Rc8 c3 41. Be1 Ra1 42. Kf2 Rc1 43. Rc6 Rxc2+ 44. Kf3 Rc1 45. Ke2 Rc2+ 46. Kf3 Ra2 47. Rxd6 c2 48. Rc6 Ra3+ 49. Ke2 Rc3 50. Bd2 Rg3 51. Kf1 Rd3 52. Ke2 Rxd5 53. Rxc2 g5 54. Rc6 Kg7 55. Be3 gxf4 56. Bxf4 Bg5 57. Bxg5 hxg5 58. g4 Ra5 59. Rc3 Kf6 60. Rf3+ Ke6 1/2-1/2

[Event "4NCL/2001-02/D3/GUI2-AFC"]
[Site "Rd11-Birmingham"]
[Date "2002.05.06"]
[Round "11.5"]
[White "Thompson, Ian D"]
[Black "Truscott, Ian"]
[Result "1/2-1/2"]
[WhiteElo "2231"]
[BlackElo "1680"]
[PlyCount "99"]
[EventDate "2002.05.06"]
[EventCountry "ENG"]
[SourceTitle "BritBase"]
[Source "John Saunders"]
[SourceDate "2024.10.24"]
[SourceVersion "1"]
[SourceVersionDate "2024.10.24"]
[SourceQuality "1"]
[WhiteTeam "Guildford-ADC 2"]
[BlackTeam "All Four Corners"]
[WhiteTeamCountry "ENG"]
[BlackTeamCountry "ENG"]

1. c4 c6 2. Nf3 d5 3. e3 Nf6 4. Nc3 Bf5 5. cxd5 Nxd5 6. Nd4 Nxc3 7. bxc3 Bg6 8. f4 e6 9. Be2 Be7 10. O-O O-O 11. Nf3 Bd3 12. Bxd3 Qxd3 13. Ne5 Qd8 14. Rb1 Qc7 15. d4 Nd7 16. e4 Rad8 17. Be3 b6 18. Qf3 c5 19. Rbc1 Rc8 20. Nd3 cxd4 21. cxd4 Qb7 22. f5 Rxc1 23. Bxc1 Qc6 24. Bb2 Bg5 25. Qe2 Bh6 26. fxe6 fxe6 27. Rxf8+ Kxf8 28. Ba3+ Kg8 29. d5 Qc4 30. Kf1 g6 31. d6 e5 32. Nb4 Qc3 33. Nc2 Qc6 34. Qd3 a5 35. Qb3+ Kg7 36. Ne1 Qxe4 {=} 37. Qe6 Qf5+ 38. Qxf5 gxf5 39. Ke2 Kf6 40. Kd3 Ke6 41. Kc4 Bf8 42. Nf3 h6 43. Nh4 f4 44. g3 fxg3 45. hxg3 Bxd6 46. Bxd6 Kxd6 47. Nf5+ Kc6 48. Ne7+ Kd6 49. Nf5+ Kc6 50. Ne7+ 1/2-1/2

[Event "4NCL/2001-02/D3/MK-WS"]
[Site "Rd11-Birmingham"]
[Date "2002.05.06"]
[Round "11.2"]
[White "Mason, Donald J"]
[Black "Smith, Graham M"]
[Result "1-0"]
[WhiteElo "2284"]
[BlackElo "1992"]
[PlyCount "91"]
[EventDate "2002.05.06"]
[EventCountry "ENG"]
[SourceTitle "BritBase"]
[Source "John Saunders"]
[SourceDate "2024.10.24"]
[SourceVersion "1"]
[SourceVersionDate "2024.10.24"]
[SourceQuality "1"]
[WhiteTeam "Warwickshire Select"]
[BlackTeam "Milton Keynes"]
[WhiteTeamCountry "ENG"]
[BlackTeamCountry "ENG"]

1. e4 d6 2. d4 Nf6 3. Nc3 g6 4. Be3 c6 5. Nf3 Bg7 6. Qd2 b5 7. Bd3 Nbd7 8. Bh6 O-O 9. h4 e5 10. dxe5 Nxe5 11. Bxg7 Kxg7 12. O-O-O b4 13. Ne2 c5 14. Ng3 Qe7 15. h5 Be6 16. Nh4 Rfe8 17. Qg5 Kf8 18. hxg6 fxg6 19. f4 Nf7 20. Nxg6+ hxg6 21. Qxg6 c4 22. Bxc4 Nxe4 23. Nh5 Nfg5 {=} 24. Bxe6 Nxe6 25. Qxe4 a5 26. Qf5+ Qf7 27. Qxf7+ Kxf7 28. Rxd6 Rh8 29. Re1 Rxh5 30. Rdxe6 Rh2 31. Re7+ Kf8 32. g4 Rg2 33. g5 Rc8 34. R7e2 Rg4 35. Rf2 Rc4 36. b3 Rd4 37. Kb2 Kf7 38. Ref1 Kg6 39. a3 Kf5 40. axb4 axb4 41. c3 Rd3 42. cxb4 Rgg3 43. Kb1 Rxb3+ 44. Rb2 Rgf3 45. Rxf3 Rxf3 46. b5 1-0

[Event "4NCL/2001-02/D3/MK-WS"]
[Site "Rd11-Birmingham"]
[Date "2002.05.06"]
[Round "11.3"]
[White "Elwin, Adrian G"]
[Black "Thomas, Nicholas"]
[Result "0-1"]
[WhiteElo "1968"]
[BlackElo "2237"]
[PlyCount "82"]
[EventDate "2002.05.06"]
[EventCountry "ENG"]
[SourceTitle "BritBase"]
[Source "John Saunders"]
[SourceDate "2024.10.24"]
[SourceVersion "1"]
[SourceVersionDate "2024.10.24"]
[SourceQuality "1"]
[WhiteTeam "Milton Keynes"]
[BlackTeam "Warwickshire Select"]
[WhiteTeamCountry "ENG"]
[BlackTeamCountry "ENG"]

1. Nf3 e6 2. c4 Nf6 3. d4 Bb4+ 4. Bd2 a5 5. a3 Bxd2+ 6. Nbxd2 d6 7. Qc2 Nbd7 8. e3 O-O 9. Bd3 Qe7 10. O-O-O b6 11. Ng5 h6 12. h4 Ng4 13. Nh3 Bb7 14. Be4 Bxe4 15. Qxe4 f5 16. Qd3 Qxh4 17. g3 Qe7 18. f3 Ngf6 19. Nf4 Qf7 20. Qe2 e5 21. Nd3 Rae8 22. d5 a4 23. e4 fxe4 24. fxe4 Qg6 25. Rdg1 Nh7 26. Nf3 Ndf6 27. Nf2 Ng4 28. Nxg4 Qxg4 29. Rf1 Ng5 30. Nd4 Qxe2 31. Nxe2 Nxe4 32. Rxf8+ Rxf8 33. Rh4 Nc5 34. Nc3 Rf1+ 35. Kc2 Rf2+ 36. Kc1 Nd3+ 37. Kb1 Rxb2+ 38. Ka1 Rb3 39. Nb5 Nc5 40. Nxc7 Rxa3+ 41. Kb2 Rxg3 0-1

[Event "4NCL/2001-02/D3/MK-WS"]
[Site "Rd11-Birmingham"]
[Date "2002.05.06"]
[Round "11.4"]
[White "Wu, Li"]
[Black "Kendall, Paul Stephen N"]
[Result "1-0"]
[WhiteElo "2160"]
[BlackElo "1968"]
[PlyCount "77"]
[EventDate "2002.05.06"]
[EventCountry "ENG"]
[SourceTitle "BritBase"]
[Source "John Saunders"]
[SourceDate "2024.10.24"]
[SourceVersion "1"]
[SourceVersionDate "2024.10.24"]
[SourceQuality "1"]
[WhiteTeam "Warwickshire Select"]
[BlackTeam "Milton Keynes"]
[WhiteTeamCountry "ENG"]
[BlackTeamCountry "ENG"]

1. d4 Nf6 2. Bg5 c5 3. d5 d6 4. c4 Qb6 5. Bxf6 gxf6 6. Qd2 Bg7 7. Nc3 Nd7 8. e3 f5 9. Nh3 Ne5 10. Nf4 Rg8 11. Be2 Bd7 12. Qc2 a6 13. O-O Bh6 14. Kh1 Qd8 15. Rad1 Rb8 16. a4 Kf8 17. Bd3 Rg5 18. Nh3 Rh5 19. Be2 Ng4 20. Bxg4 fxg4 21. Qxh7 e5 22. dxe6 Bxe6 23. Nf4 Bxf4 24. Qxh5 Be5 25. Nd5 b5 26. axb5 axb5 27. b3 bxc4 28. bxc4 Rb2 29. f4 gxf3 30. Rxf3 Qa5 31. Rdf1 Qa7 32. Qg6 Qd7 33. Qh5 Qb7 34. e4 Rb1 35. Qh6+ Ke8 36. Nc7+ Kd7 37. Nxe6 fxe6 38. Rf7+ Kc6 39. Qxe6 1-0

[Event "4NCL/2001-02/D3/MK-WS"]
[Site "Rd11-Birmingham"]
[Date "2002.05.06"]
[Round "11.5"]
[White "Griffiths, Adele"]
[Black "Pitcher, John T"]
[Result "0-1"]
[WhiteElo "2005"]
[BlackElo "2128"]
[PlyCount "114"]
[EventDate "2002.05.06"]
[EventCountry "ENG"]
[SourceTitle "BritBase"]
[Source "John Saunders"]
[SourceDate "2024.10.24"]
[SourceVersion "1"]
[SourceVersionDate "2024.10.24"]
[SourceQuality "1"]
[WhiteTeam "Milton Keynes"]
[BlackTeam "Warwickshire Select"]
[WhiteTeamCountry "ENG"]
[BlackTeamCountry "ENG"]

1. e4 c5 2. Nc3 Nc6 3. g3 g6 4. Bg2 Bg7 5. d3 d6 6. Be3 Rb8 7. Qd2 Nd4 8. Nd1 f5 9. c3 Nc6 10. h4 Ne5 11. h5 b6 12. hxg6 hxg6 13. Rxh8 Bxh8 14. Bg5 Qd7 15. Nf3 Qe6 16. Nxe5 Qxe5 17. f4 Qe6 18. Ne3 Nf6 19. exf5 gxf5 20. Bxf6 {=} Qxf6 21. O-O-O Qf7 22. Bd5 e6 23. Bf3 Kd7 24. Rh1 Bg7 25. Qg2 Kc7 26. Kb1 Ba6 27. Kc2 Rh8 28. Rxh8 Bxh8 29. Qh1 Bf6 30. Bh5 Qg8 31. Qh3 Qh7 32. Bg4 Qg7 33. Bf3 d5 34. Nd1 Qg6 35. Bh5 {=} Qh7 36. Bg4 Qxh3 37. Bxh3 d4 38. c4 Bb7 39. Nf2 Kd6 40. Kd2 Bf3 41. a3 Be7 42. b3 a6 43. Nd1 Bd8 44. Nb2 b5 45. Ke1 Ba5+ 46. Kf2 Bh5 47. b4 cxb4 48. a4 bxa4 49. Nxa4 Bd1 50. c5+ Kd7 51. Nb2 Bc2 52. g4 fxg4 53. Bxg4 b3 54. f5 exf5 55. Bxf5+ Kc7 56. Be6 Bc3 57. Bxb3 Bxb3 0-1

[Event "4NCL/2001-02/D3/MK-WS"]
[Site "Rd11-Birmingham"]
[Date "2002.05.06"]
[Round "11.6"]
[White "Cooper, David M"]
[Black "Thomas, Philip"]
[Result "1/2-1/2"]
[WhiteElo "1880"]
[BlackElo "1960"]
[PlyCount "132"]
[EventDate "2002.05.06"]
[EventCountry "ENG"]
[SourceTitle "BritBase"]
[Source "John Saunders"]
[SourceDate "2024.10.24"]
[SourceVersion "1"]
[SourceVersionDate "2024.10.24"]
[SourceQuality "1"]
[WhiteTeam "Warwickshire Select"]
[BlackTeam "Milton Keynes"]
[WhiteTeamCountry "ENG"]
[BlackTeamCountry "ENG"]

1. e4 d6 2. d4 Nf6 3. Nc3 g6 4. Be2 Bg7 5. Nf3 O-O 6. O-O c6 7. h3 Qb6 8. Rb1 Nbd7 9. Re1 e5 10. Be3 Qc7 11. dxe5 dxe5 12. Qd2 Nb6 13. Rbd1 Re8 14. Bc5 Nbd7 15. Bd6 Qb6 16. Na4 Qd8 17. Qe3 Qa5 18. Nc3 Nh5 19. Bc4 b5 {=} 20. Bb3 Qb6 21. Ng5 Rf8 22. Bxf8 Kxf8 23. Qxb6 Nxb6 24. Nxh7+ Ke7 25. Ng5 f6 26. Nf3 Nf4 27. Ne2 Ne6 28. Nh4 Nf8 29. Rd3 a5 30. a3 Nbd7 31. Rg3 Nc5 32. Nxg6+ Nxg6 33. Rxg6 Kf8 34. Nc1 a4 35. Ba2 Bd7 36. Nd3 Nxd3 37. cxd3 Be8 38. Rg3 Rd8 39. Rc1 Bh6 40. Rg8+ Ke7 41. Rd1 c5 42. Bd5 b4 43. g4 Bf4 44. h4 Rd6 45. Rg7+ Kf8 46. axb4 Kxg7 47. bxc5 Ra6 48. Ra1 Bb5 49. Bb7 Re6 50. Bd5 Re7 51. b3 axb3 52. Bxb3 Bxd3 53. Bd5 Be2 54. Ra8 Kh7 55. Rf8 Rg7 56. Be6 Bxg4 57. Bxg4 Rxg4+ 58. Kf1 Bh6 59. c6 Rg7 60. Rxf6 Rc7 61. Rd6 Bg7 62. Kg2 Kg8 63. Kg3 Kf7 64. Rd7+ Rxd7 65. cxd7 Ke7 66. f4 Kxd7 1/2-1/2

[Event "4NCL/2001-02/D3/MK-WS"]
[Site "Rd11-Birmingham"]
[Date "2002.05.06"]
[Round "11.7"]
[White "Valentine, Brian J"]
[Black "Hunt, Malcolm A"]
[Result "1/2-1/2"]
[WhiteElo "1904"]
[BlackElo "1912"]
[PlyCount "60"]
[EventDate "2002.05.06"]
[EventCountry "ENG"]
[SourceTitle "BritBase"]
[Source "John Saunders"]
[SourceDate "2024.10.24"]
[SourceVersion "1"]
[SourceVersionDate "2024.10.24"]
[SourceQuality "1"]
[WhiteTeam "Milton Keynes"]
[BlackTeam "Warwickshire Select"]
[WhiteTeamCountry "ENG"]
[BlackTeamCountry "ENG"]

1. e4 e5 2. Nc3 Nf6 3. Bc4 Nc6 4. d3 Bb4 5. Bg5 h6 6. Bd2 Bxc3 7. Bxc3 d5 8. exd5 Nxd5 9. Bxd5 Qxd5 10. Qf3 Be6 11. Qg3 O-O-O 12. Ne2 h5 13. h4 Rh6 14. f3 Nd4 15. Bxd4 exd4 16. a3 Re8 17. Kd2 Rg6 18. Qf2 Qe5 19. Qxd4 Qxd4 20. Nxd4 Rxg2+ 21. Kc3 Bd7 22. Rhg1 Rxg1 23. Rxg1 {=} g6 24. Kd2 c5 25. Ne2 Re6 26. Nc3 Bc6 27. Ne4 b6 28. Rf1 Kd7 29. Ng5 Rf6 30. Ke3 Ke7 1/2-1/2